| 000 | 00000nam##2200000za#4500 |
| 001 | 9.571651 |
| 003 | CaOODSP |
| 005 | 20211126112844 |
| 007 | cr ||||||||||| |
| 008 | 150406|1996||||xxc|||||o f|0| 0 eng|d |
| 022 | |a1701-9397 |
| 040 | |aCaOODSP|beng |
| 043 | |an-cn--- |
| 086 | 1 |aFB3-2/96-4E-PDF |
| 110 | 2 |aBank of Canada. |
| 245 | 10|aOvernight rate innovations as a measure of monetary policy shocks in vector autoregressions / |h[electronic resource]|cby Jamie Armour, Walter Engert and Ben S. C. Fung. |
| 260 | |aOttawa - Ontario : |bBank of Canada |cMarch 1996. |
| 300 | |a85p.|bgraphs, references, table |
| 490 | 1 |aBank of Canada working paper|x1701-9397|v96-4 |
| 500 | |a"The authors examine the Bank of Canada's overnight rate as a measure of monetary policy in vector autoregression (VAR) models."--Abstract. |
| 500 | |aThe ISBN (0-662-24296-3) and ISSN (1192-5434) for the print edition have been incorrectly copied in this electronic publication. |
| 520 | 3 |aThe authors examine the Bank of Canada's overnight rate as a measure of monetary policy in vector autoregression (VAR) models.--Abstract |
| 546 | |aRésumé en français. |
| 590 | |a11-19-Supp|b2011-09-23 |
| 690 | 07|aRates|2gcpds |
| 720 | 1 |aEngert, Walter |
| 720 | 1 |aFung, Ben S. C. |
| 720 | 1 |aArmour, Jamie |
| 776 | 0#|tOvernight rate innovations as a measure of monetary policy shock in vector autoregressions / |w(CaOODSP)9.612914 |
| 830 | #0|aWorking paper (Bank of Canada)|x1701-9397|v96-4|w(CaOODSP)9.504604 |
| 856 | 40|ahttp://publications.gc.ca|qPDF|s534 KB|uhttps://publications.gc.ca/collections/Collection/FB3-2-96-4E.pdf|y96-4 |